| 000 | 00763nam a2200265Ia 4500 | ||
|---|---|---|---|
| 003 | OSt | ||
| 005 | 20220918163942.0 | ||
| 006 | a|||||r|||| 00| 0 | ||
| 007 | ta | ||
| 008 | 220917b |||||||| |||| 00| 0 eng d | ||
| 020 | _a0333986547 (pb) | ||
| 024 | _a231,707 | ||
| 037 | _cTextual | ||
| 040 |
_aARTS _cARTS _beng |
||
| 041 |
_2eng _aeng |
||
| 082 | _aW:1TH.N9, N6;P3 (TTW) | ||
| 100 |
_aSmith B. C. _916190 |
||
| 245 | 0 |
_aUnderstanding third world politics _b theories of political change and development |
|
| 250 | _a2nd | ||
| 260 |
_aNew York _bPalgrave macmillan _c2003 |
||
| 300 |
_axi, 319p. _ccm. |
||
| 650 | _aPOLITICAL SCIENCE | ||
| 942 |
_hW:1TH.N9, N6;P3 (TTW) _cTEXL _2CC |
||
| 999 |
_c122281 _d122281 |
||